000
00185 a2200097 4500
020
_a
9780545458870
041
_a
spa
100
_a
arlon penelope
245
_a
los penguinos
942
_c
BK
999
_c
10884
_d
10884